00979nab a2200253uuc4500001000800000005001700008008004100025035001200066035002100078040001300099041000800112100004300120245010000163650003000263650003800293650003700331700005100368700005500419700004600474700005900520773011700579942001000696999001900706128677520240202104832.0120613e20120205 por  a1286775 a(OCoLC)820646438 ccomduadb apor10aGouveia, Valdiney V.4auteaut930444510aQuestionário de Saúde Geral (QSG-12): o efeito de itens negativos em sua estrutura fatorial 7aSalud mental2dcs9188061 aSesgos en la investigacion951007 aVálidez de las pruebas920102910aLima, Tiago Jessé Souza de4auteaut966382310aGouveia, Rildésia Silva Veloso4auteaut966382410aFreires, Leogildo Alves4auteaut964511210aBarbosa, Larisse Helena Gomes Macedo4auteaut96686790 tCadernos de Saúde Pública (Rio de Janeiro)gVol. 28, No. 02, Feb. 2012, p. 375-384w321065z0102311X0104727 cARIMP c616394d616394